000 01182nam a2200241Ia 4500
003 Ost
005 20260507075030.0
008 260507s9999||||xx |||||||||||||| ||und||
020 _a3224009957
040 _cfsecg
041 _aara
082 _a330
100 _aالفداع، فداع
_eمؤلف
245 0 _aالمحاسبة الإدارية /
_c فداع الفداع
250 _aطبعة 2
260 _aعمان:
_bمؤسسة الوراق للنشر والتوزيع,
_c2000
300 _a359 صفحة؛
_bإيضاحات ؛
_c24 سم
520 _aمقدمة في المحاسبة الإدارية، المصطلحات والمفاهيم الأساسية للتكاليف، سلوك التكاليف وهامش المساهمة وتقدير التكاليف، العلاقات بين التكاليف وحجم النشاط والإرباح، إتخاذ القرارات بناء على معلومات ملائمة، تحليل التكاليف وعلاقته بقرارات التسعير، الميزانيات التقديرية
653 _aالإدارة
653 _aالمحاسبة
653 _aالمحاسبة الإدارية
942 _cكتاب
999 _c42382
_d42382